000 00350nam a2200133Ia 4500
008 220217s9999||||xx |||||||||||||| ||und||
020 _a81-219-0815-9
082 _a624 MAT
100 _aMathur, D.S
245 0 _aElements of properties of matter
260 _aShyam lal charitable trust
_bNew Delhi
_c2006
300 _b195
650 _aCIVIL
999 _c174157
_d174157